Personnalités grecques liées à la musique - Statistiques

Statistiques générales
  • Ce quiz a été pris 26 fois
  • Le résultat moyen est 6 sur 16
Statistiques - réponses
Description Réponse % Correct
Créatures marines séduisant les navigateurs Sirène
96%
Créature mi-homme mi-bouc dont la flûte est aujourd'hui célèbre Pan
84%
Dieu grec de la musique et des arts Apollon
80%
Joueur de lyre revenu des enfers Orphée
80%
Chanteur franco-grec, interprète des chansons Le Métèque et Ma Liberté Georges Moustaki
52%
Chanteuse dans une douzaine de langues, elle représente en 1963 le Luxembourg à l'Eurovision Nana Mouskouri
48%
Chanteur de variété aux cheveux longs et à la barbe fournie, il chante dans de nombreuses langues Demis Roussos
44%
Célèbre cantatrice d'opéra née à New-York Maria Callas
44%
Pionnier de la musique électronique, compositeur de la musique de Blade Runner et oscarisé pour Chariots of Fire Vangelis
36%
Compositeur et homme politique grec, connu notamment pour les films Zorba le grec et Z Míkis Theodorákis
8%
Chanteur populaire né en 1948, interprète de Roza et Ta Ladadika Dimítris Mitropános
4%
Chanteuse de variété, vainqueure de l'eurovision 2005 avec la Grèce Élena Paparízou
4%
Chanteuse grecque née en 1950, connue pour Ola se thimizoun et Fevgo Háris Alexíou
4%
Compositeur lauréat de l'oscar de la meilleur chanson pour Les Enfants du Pirée en 1961 Mános Hadjidákis
4%
Compositeur et chanteur, surnommé parfois patriarche du rebétiko ou daskalos Márkos Vamvakáris
4%
Claviériste et compositeur de musique New Age, très connu aux États-Unis Yanni
4%
Aucun quiz correspondant
Distribution des résultats
% des personnes avec chaque résultat
Percentile par nombre de réponses
Votre historique - résultats
Vous n’avez pas pris ce quiz